| 000 | 00593nam a22002177a 4500 | ||
|---|---|---|---|
| 005 | 20260417091137.0 | ||
| 008 | 260417b |||||||| |||| 00| 0 eng d | ||
| 020 |
_a978-93-5849-216-3 _c180 |
||
| 040 | _aMAIN | ||
| 041 | _aeng | ||
| 082 |
_a155.25 _bDAD |
||
| 100 |
_aDadhara, D. _qDevika |
||
| 245 | _aSoft Skill and Personality Development | ||
| 250 | _a1st Ed. | ||
| 260 |
_aDibrugarh _bSri Pradyut Hazarika, Banalata Dibrugarh _cJanuray 2026 |
||
| 300 |
_a220 p. ; _c15 x 22 cm |
||
| 505 | _aSEC 209 2nd Semester | ||
| 650 | _aEnglish | ||
| 700 | _bSen, Sanjay | ||
| 942 |
_2ddc _cBK |
||
| 999 |
_c16346 _d16346 |
||